000 00570cab a2200193 4500
001 ABS41839
008 090401t1989 xxu||||| |||| 00| 0 eng d
035 _a(Sirsi) u32832
041 _aeng
100 _aHill, J.
245 _aAttracting attention
260 _c1989
350 _a0
490 _aSurveyor
_v172(5075) 14 December 1989 20-21(2)
520 _aThe importance of good car parking facilities for the prosperity of town centres is underlined in this article.
690 _aDEVELOPMENT-COMMERCIAL AND INDUSTRIAL
942 _n0
948 _c04/03/1997
999 _c21941
_d21941